Ефективното управление (Запис номер 96190)
[ съкратено ]
| 000 -Лидер | |
|---|---|
| Контролно поле с фиксирана дължина | 01638nam a2200397 c 4500 |
| 003 - Код на организацията, давaща контролен номер | |
| Контролно поле | BLK |
| 005 - Дата и час на последна редакция | |
| Контролно поле | 20250715144444.0 |
| 008 - Елементи от данни с фиксирана дължина | |
| fixed length control field | 180409b bul|||||r ||||||| ||bul|| |
| 020 ## - Международен стандартен номер на книга ISBN | |
| Международен стандартен номер на книга ISBN | 9789549964332 |
| 040 ## - Източник на каталожния запис | |
| Идентификатор на билиотеката - собственик на записа | BLK |
| 041 ## - Код за език | |
| Код за езика на текст/звукозапис или на отделно заглавие | Български |
| Код за езика КДБФ | Български |
| 080 ## - УДК | |
| Текстов определител УДК | Методи на управление. Мениджмънт. Анализи, планиране, ръководство, сътрудничество, контрол, коопериране и др. |
| УДК код - определител по УДК | 005.5 |
| УДК - код + определител | 005.5 |
| 100 1# - Редна дума - Автор | |
| Автор | Дракър, Питър Фердинанд |
| Авторска отговорност | първи автор |
| R(LIN) | 65284 |
| 139 ## - Редно поле | |
| Редна дума | Дракър, Питър Ф. |
| Авторски знак | Драи - Д 87 |
| 245 10 - Сведения за заглавието | |
| Заглавие | Ефективното управление |
| Редно поле (дума) | Питър Фердинанд Дракър; прев. от англ. Тинко Трифонов. |
| 257 ## - Страна на издаване | |
| Страна на създаване/издаване | Съединени американски щати |
| 260 ## - Област на издателските данни | |
| Име на издателя, разпространителя и проч. | Класика и стил |
| Година на издаване | 2002 |
| Печатница | В. Търново : Абагар |
| Място на издаване, разпространение и проч. | София |
| 300 ## - Физическа характеристика | |
| Страници | 274 с. |
| Размери/Мащаб | 22 см |
| 380 ## - Жанр | |
| Жанр | Общ отдел |
| 490 ## - СЕРИИ (Колекции) | |
| Име на серия | Classic Drucker |
| 500 ## - Общи забележки | |
| Забележка | Ориг. загл. Managong for Results / Peter F. Drucket. - Азб. показалец. |
| 650 #4 - Допълнително описание по предмет – тема | |
| Основно описание – тема или топоним | Фирми - организация и управление |
| 9 (RLIN) | 244909 |
| 650 #4 - Допълнително описание по предмет – тема | |
| Основно описание – тема или топоним | Бизнес - организация и управление |
| 9 (RLIN) | 266588 |
| 653 ## - Ключова дума – ненормативна | |
| Ключова дума | управление |
| 653 ## - Ключова дума – ненормативна | |
| Ключова дума | бизнес |
| 653 ## - Ключова дума – ненормативна | |
| Ключова дума | фирми |
| 700 1# - Други автори (авторска отговорност) | |
| Лично име | Трифонов, Тинко |
| Автороска отговорност (Описва отношението между автора и произведението) | прев. от англ. |
| 9 (RLIN) | 363625 |
| 852 ## - Местоположение | |
| Форматна сигнатура | Цб 211311 |
| 856 4# - Електронен адрес и достъп | |
| Електронен формат | pdf - файл |
| 856 4# - Електронен адрес и достъп | |
| Електронен формат | pdf - файл |
| 942 ## - АРТИКУЛИ | |
| Вид на библиотечния материал | Книги |
| Скрит в OPAC | Не |
| Koha issues (borrowed), all copies | 2 |
| 944 ## - СЪЗДАВАНЕ И РЕДАКЦИЯ на ЗАПИСА | |
| Създаване/Редакция | Създаване |
| Дата на регистрацията/редакция | 01.01.2002 |
| Служител, извършил регистрацията/редакцията | 30576 |
| Статус, дата на статуса | Цветомила Тодорова |
| 944 ## - СЪЗДАВАНЕ И РЕДАКЦИЯ на ЗАПИСА | |
| Създаване/Редакция | Редакция |
| Дата на регистрацията/редакция | 27.11.2012 |
| 999 ## - СИСТЕМНИ КОНТРОЛНИ НОМЕРА | |
| Koha biblionumber | 96190 |
| Koha biblioitemnumber | 96190 |
| 999 ## - СИСТЕМНИ КОНТРОЛНИ НОМЕРА | |
| Koha biblioitemnumber | 96190 |
| 999 ## - СИСТЕМНИ КОНТРОЛНИ НОМЕРА | |
| Koha biblioitemnumber | 96190 |
| Код за отписване | Код за изгубен артикул | Източник на класификационната схема | Код за повреда | Коз за рестрикции | Код за отдаване | Артикулен № | Име на библиотеката - собственик | Име на библиотеката, в която се намира в момента | Статус (Текущо местоположение) | Дата на вписване в системата | Местоположение - отдел | Цена в лева | Инвентарен номер | Систематично азбучна сигнатура | Баркод | Номер на екземпляра | Цена в евро | Служебна бележка | Служебен тип на артикула |
|---|---|---|---|---|---|---|---|---|---|---|---|---|---|---|---|---|---|---|---|
| Не е изгубен | Universal Decimal Classification | Не е повреден | без рестрикции | ползва се в читалня | 154360 | Регионална библиотека "Любен Каравелов" Русе | Регионална библиотека "Любен Каравелов" Русе | Читалня | 2002-04-16 | Читалня | 14.50 | 120000669560 | Ч 005/Д 87 | 120000669560 | 1 | 7.41 | Дост: Pk Вид: Ф N: 8490 Дата: 15.04.2002 Дата инв: 23.03.2017 Бележки инв: Ч2017 | Книги | |
| Не е изгубен | Не е повреден | без рестрикции | ползва се в читалня | 154361 | Регионална библиотека "Любен Каравелов" Русе | Регионална библиотека "Любен Каравелов" Русе | Хранилище | 2002-11-08 | Хранилище | 14.50 | 120000673213 | Цб 211311 | 120000673213 | 2 | 7.41 | Дост: Dp Вид: Д N: 12 Дата: 12.03.2002 | Книги | ||
| Не е изгубен | Universal Decimal Classification | Не е повреден | заемане за дома | 974643 | Регионална библиотека "Любен Каравелов" Русе | Регионална библиотека "Любен Каравелов" Русе | Заемна - подръчен фонд | 2025-06-04 | Заемна - подръчен фонд | 14.50 | 120000920113 | 005.5/Д 87 П | 120000920113 | 7.41 | Книги |